New Super Mario Bros. Power Ups - Statistics

General Stats
  • This quiz has been taken 1,007 times
    607 since last reset
  • The average score is 10 of 15
Answer Stats
DS % Correct
Super Mushroom
97%
Fire Flower
95%
Ice Flower
88%
Super Star
83%
Mini Mushroom
76%
Mega Mushroom
74%
Penguin Suit
69%
Invincibility Leaf
60%
Super Leaf
60%
Propeller Mushroom
58%
Blue Shell
57%
P-Acorn
57%
Super Acorn
56%
Gold Flower
45%
Super Crown
24%
No matching quizzes found
Score Distribution
Percent of People with Each Score
Percentile by Number Answered
Your Score History
You have not taken this quiz since the last reset